00385cam a2200157ua 4500020000900000041001000009082002100019100002400040245006500064260004700129300001100176365000900187504000500196942000700201999001900208 c0.60 amalh a894.8121bBHA/SU aBhanumathi Amma, K. aSugatha prasthanam / cK Bhanumathi Amma.hTextual Documents aThonnakkal : bSarada Book Depot , c1963. a63 ; . a0.60 a cBK c332530d332530